000 00585nam a22002177a 4500
003 UA-OsUOA
001 91812
007 ta
008 20121205b un ||||| |||| 00| 0 ukr d
090 _a821.161.2
_bУ45
942 _cBK
040 _aUA-OsUOA
_bukr
_cUA-OsUOA
_dUA-OsUOA
245 _aУкраїнський сонет
_bантологія
300 _a232 с.
955 _a3
041 _aukr
080 _a821.161.2
260 _aК.
_bРад. письменник
_c1976
650 7 _a82 Література. Літературознавство
_2UDC
999 _c378069
_d378069